| 000 | 00000nam 2200000zi 4500 |
| 001 | 9.931511 |
| 003 | CaOODSP |
| 005 | 20240212142145 |
| 006 | m o d f |
| 007 | cr mn||||||||| |
| 008 | 231215t20242024qucab ob f000 0 fre d |
| 020 | |a9780660693293 |
| 040 | |aCaOODSP|bfre|erda|cCaOODSP |
| 043 | |an-cn-qu |
| 086 | 1 |aTU3-12/21-0265F-PDF |
| 110 | 2 |aBureau de la sécurité des transports du Canada.|eauteur, |eorganisme de publication. |
| 245 | 10|aChavirement, bateau de sauvetage 1864, au large de l'île au Diable, Montréal (Québec), 17 octobre 2021. |
| 264 | 1|aGatineau QC : |bBureau de la sécurité des transports du Canada = Transportation Safety Board of Canada, |c2024. |
| 264 | 4|c©2024 |
| 300 | |a1 ressource en ligne (59 pages) : |bcartes, illustrations. |
| 336 | |atexte|btxt|2rdacontent/fre |
| 337 | |ainformatique|bc|2rdamedia/fre |
| 338 | |aressource en ligne|bcr|2rdacarrier/fre |
| 490 | 1 |aRapport d'enquête sur la sécurité du transport maritime ; |vM21C0265 |
| 500 | |aPublié aussi en anglais sous le titre : Capsizing, rescue boat 1864, off Île au Diable, Montréal (Quebec), 17 October 2021. |
| 500 | |a« Publié le 24 janvier 2024. » |
| 504 | |aComprend des références bibliographiques. |
| 650 | 6|aNavigation|xAccidents|xEnquêtes|zQuébec (Province) |
| 775 | 08|tCapsizing, rescue boat 1864, off Île au Diable, Montréal (Quebec), 17 October 2021.|w(CaOODSP)9.931510 |
| 830 | #0|aRapport d'enquête sur la sécurité du transport maritime ;|vM21C0265.|w(CaOODSP)9.856046 |
| 856 | 40|qPDF|s1.97 Mo|uhttps://publications.gc.ca/collections/collection_2024/bst-tsb/TU3-12-21-0265-fra.pdf |
| 856 | 4 |qHTML|sS.O.|uhttps://www.tsb.gc.ca/fra/rapports-reports/marine/2021/m21c0265/m21c0265.html |